Country and Capital Mash-up - Statistics

General Stats
  • This quiz has been taken 486 times
    18 since last reset
  • The average score is 25 of 36
Answer Stats
Question Answer % Correct
Cepafranris France
100%
Cepafranris Paris
100%
Marupeli Lima
88%
Marupeli Peru
88%
Likomaba Mali
81%
Tomegolo Togo
81%
Tallettavamal Valletta
81%
Danmanjoram Amman
75%
Likomaba Bamako
75%
Ranantehir Iran
75%
Danmanjoram Jordan
75%
Tomegolo Lome
75%
Tallettavamal Malta
75%
Ranantehir Tehran
75%
Enstrinaviau Austria
69%
Dawacanott Canada
69%
Vabanahacu Cuba
69%
Vabanahacu Havana
69%
Dawacanott Ottawa
69%
Enstrinaviau Vienna
69%
Malinygerber Berlin
63%
Malinygerber Germany
63%
Catmanomus Muscat
63%
Catmanomus Oman
63%
Tubonporgalis Portugal
63%
Nirabanalti Albania
56%
Lagodaluan Angola
56%
Garifisogabul Bulgaria
56%
Masycusrida Damascus
56%
Tubonporgalis Lisbon
56%
Lagodaluan Luanda
56%
Garifisogabul Sofia
56%
Masycusrida Syria
56%
Nirabanalti Tirana
56%
Paganlakamdau Kampala
44%
Paganlakamdau Uganda
44%
No matching quizzes found
Score Distribution
Percent of People with Each Score
Percentile by Number Answered
Your Score History
You have not taken this quiz since the last reset